000 00564nam a22002057a 4500
003 KOHA_MİRAKIL
005 20260325130434.0
008 260325b tu ||||| |||| 00| 0 tur d
020 _a9756412089
040 _aTR-AnABB
_btur
_cTR-AnABB
041 _atur
082 _a813.42
_bOZE 2004
100 1 _aÖzer, Ahmet
245 1 0 _aYolcu Yolun Nereye
_cAhmet Özer
260 _aİstanbul :
_bEtikus yayınları,
_c2004
300 _a224 sayfa :
_c20 cm
650 0 4 _aTürk edebiyatı, roman
900 _bCem ÖZOGLU
942 _2ddc
_cBK
999 _c10040
_d10040